A touch of the flue (Record no. 70107)

MARC details
000 -LEADER
fixed length control field 00799cam a2200217 4500
001 - CONTROL NUMBER
control field ABS65299
008 - FIXED-LENGTH DATA ELEMENTS--GENERAL INFORMATION
fixed length control field 020429n2002 000 0 eng u
035 ## - SYSTEM CONTROL NUMBER
System control number (Sirsi) u117737
100 ## - MAIN ENTRY--PERSONAL NAME
Personal name Williams, A
245 #2 - TITLE STATEMENT
Title A touch of the flue
260 ## - PUBLICATION, DISTRIBUTION, ETC.
Date of publication, distribution, etc. 2002
490 ## - SERIES STATEMENT
Series statement Architects' Journal
Volume/sequential designation 215(14) 11 April 2002, 38-39(2)
520 ## - SUMMARY, ETC.
Summary, etc. Reviews revisions to Approved Documents Parts H and J, combustion and drainage, which come into effect April 2002. Revisions are update of 2000 version 'Heat producing appliances'. Article summarises the main changes, concluding it is a much improved document.
590 ## - LOCAL NOTE (RLIN)
Local note ABS
650 ## - SUBJECT ADDED ENTRY--TOPICAL TERM
Topical term or geographic name entry element COMBUSTION PRODUCTS
650 ## - SUBJECT ADDED ENTRY--TOPICAL TERM
Topical term or geographic name entry element DRAINAGE
650 ## - SUBJECT ADDED ENTRY--TOPICAL TERM
Topical term or geographic name entry element BUILDING REGULATIONS
9 (RLIN) 6224
650 ## - SUBJECT ADDED ENTRY--TOPICAL TERM
Topical term or geographic name entry element WASTE DISPOSAL
690 ## - LOCAL SUBJECT ADDED ENTRY--TOPICAL TERM (OCLC, RLIN)
Topical term or geographic name as entry element BUILT ENVIRONMENT
942 ## - ADDED ENTRY ELEMENTS (KOHA)
Suppress in OPAC 0
Holdings
Withdrawn status Lost status Source of classification or shelving scheme Damaged status Not for loan Home library Current library Shelving location Date acquired Total Checkouts Full call number Barcode Date last seen Copy number Price effective from Koha item type
    Dewey Decimal Classification     London London Journal article 29/04/2002   ABS65299 117737-1001 06/08/2019 1 06/08/2019 Journal article